| 000 | 00475cam a2200193ua 4500 | ||
|---|---|---|---|
| 020 | _c345.00 | ||
| 041 |
_aeng _h |
||
| 082 |
_a670 _bSHA/MA |
||
| 100 | _aSharma, S.K . | ||
| 245 |
_aManufacturing processes / _cS.K Sharma. _hTextual Documents |
||
| 260 |
_aNew Delhi : _bI.K International , _c2007. |
||
| 300 |
_a706 ; _e`. |
||
| 365 | _a345.00 | ||
| 504 | _a | ||
| 700 | 1 | _aSharmama, Sarita . | |
| 942 | _cBK | ||
| 999 |
_c13062 _d13062 |
||